000 01181nam a2200253Ia 4500
003 Ost
005 20260507075124.0
008 260507s9999||||xx |||||||||||||| ||und||
020 _a227249957
040 _cfsecg
041 _aara
082 _a330
100 _aمعروف، هوشيار
_eمؤلف
245 0 _aتحليل الإقتصاد الإقليمي والحضري /
_c هوشيار معروف
260 _aعمان:
_bدار صفاء,
_c2005
300 _a407 صفحة؛
_bإيضاحات ؛
_c25 سم
520 _aالعلاقة بين الإقتصادين الإقليمي والحضري- الفكر النيوكلاسيكي في النمو الإقليمي-نظرية المكان المركزي-نظرية أقطاب النمو-التصنيف الإقليمي والتفاوت الإقتصادي-المجمعات الصناعية واعتبارات التواطن الصناعي في البلدان النامية
653 _aالإقتصاد
653 _aالتنمية الإقتصادية
653 _aالتنمية الصناعية
653 _aالمجمعات الصناعية
653 _aالنمو الإقليمي
942 _cكتاب
999 _c43126
_d43126